000 01231cam a22002055a 4500
001 E141820
008 071221e20071120stk f s000 0 eng d
020 _a9780755968626
035 _a(Sirsi) u141820
041 0 _aeng
110 2 _aScotland
_bScottish Government
_95344
245 0 0 _aHousing statistics for Scotland 2007
_bkey trends summary
_h[electronic resource]
260 _aEdinburgh
_bScottish Government
_c2007
520 _aProvides an introduction to the new Housing Statistics for Scotland web tables which replace the former quarterly housing trends statistical bulletins. These interactive tables present comprehensive data on housing activity in Scotland up to 30 June 2007 in a range of formats, including information on public sector stock and house sales, demolitions, new build, local authority housing management, houses in multiple occupation, special needs housing, rent registration and private sector improvement grants.
521 _aAdvanced
651 4 _aScotland
_y1999-
690 _aPROPERTY-RESIDENTIAL PROPERTY-DOMESTIC RESIDENTIAL PROPERTY-HOUSING
856 4 0 _uhttps://www.scotland.gov.uk/Publications/2007/11/19093720/3
_zView the item free of charge at www.scotland.gov.uk...
942 _n0
999 _c107778
_d107778